000
00259nam a2200109Ia 4500
008
190914s9999||||xx |||||||||||||| ||und||
100
_a
jenny Chapman
245
0
_a
Digital Multimedia
260
_a
London
_b
World Scientific
_c
2002
300
_a
624
942
_c
BK
999
_c
8549
_d
8549